000 00645nam a2200241 i 4500
001 19985
003 ES-MaACL
005 20230906152216.0
007 t|
008 020711s2002 sp ||||1| spa d
020 _a84-670-0054-6
080 _a791.43(049.3)
100 1 _aTorres, Augusto M.
_9110879
245 1 4 _aLas películas de mi vida /
_cAugusto M. Torres.
260 _aMadrid :
_bEspasa Calpe,
_c[2002]
300 _a368 p. :
_bil. ;
_c22 cm.
490 1 _aEspasa hoy
500 _aÍndices.
650 1 4 _aCine-
_vCríticas.
_911020
830 1 _aEspasa hoy
_9179010
852 _aES-MaACL
_jL-25976
999 _c19985
_d19985